One Houston Rockets Player By Season - Statistics

General Stats
  • This quiz has been taken 359 times
    157 since last reset
  • The average score is 42 of 58
Answer Stats
Season Players Full List % Correct
2024-25 Fred VanVleet | Jalen Green | Amen Thompson | Dillon Brooks | Alperen Şengün | Jabari Smith Jr. | Tari Eason | Cam Whitmore | Steven Adams | Aaron Holiday | N'Faly Dante | Reed Sheppard | Jeff Green | Jock Landale | David Roddy | Jae'Sean Tate | Jeenathan Williams | Jack McVeigh
100%
2023-24 Alperen Şengün | Jalen Green | Fred VanVleet | Jabari Smith Jr. | Dillon Brooks | Cam Whitmore | Tari Eason | Amen Thompson | Aaron Holiday | Jeff Green | Jock Landale | Jae'Sean Tate | Boban Marjanović | Jeenathan Williams | Reggie Bullock | Nate Hinton | Jermaine Samuels
99%
2022-23 Kevin Porter Jr. | Jalen Green | Eric Gordon | Jabari Smith Jr. | Alperen Şengün | Kenyon Martin Jr. | Jae'Sean Tate | Tari Eason | Usman Garuba | Daishen Nix | Garrison Mathews | Bruno Fernando | TyTy Washington Jr. | Josh Christopher | Boban Marjanović | Trevor Hudgins | Frank Kaminsky | Darius Days
99%
2021-22 Christian Wood | Jalen Green | Kevin Porter Jr. | Eric Gordon | Dennis Schröder | Jae'Sean Tate | Garrison Mathews | Daniel Theis | Kenyon Martin Jr. | Alperen Şengün | Armoni Brooks | Josh Christopher | D.J. Augustin | Danuel House Jr. | David Nwaba | Trevelin Queen | Daishen Nix | Usman Garuba | Bruno Fernando | Marko Simonovic | Mac McClung | Jordan Bell
97%
2019-20 James Harden | Russell Westbrook | Clint Capela | Eric Gordon | P.J. Tucker | Robert Covington | Danuel House | Austin Rivers | Ben McLemore | Jeff Green | DeMarre Carroll | Gary Clark | Isaiah Hartenstein | Michael Frazier | Thabo Sefolosha | Chris Clemons | Tyson Chandler | Luc Mbah a Moute | Ryan Anderson | William Howard | Bruno Caboclo
97%
2018-19 James Harden | Chris Paul | Clint Capela | Eric Gordon | P.J. Tucker | Carmelo Anthony | Austin Rivers | Danuel House | Kenneth Faried | James Ennis | Gerald Green | Iman Shumpert | James Nunnally | Nenê Hilário | Gary Clark | Brandon Knight | Michael Carter-Williams | Vince Edwards | Isaiah Hartenstein | Marquese Chriss | Chris Chiozza | Terrence Jones | Zhou Qi
97%
2017-18 James Harden | Chris Paul | Clint Capela | Trevor Ariza | Eric Gordon | P.J. Tucker | Ryan Anderson | Luc Mbah a Moute | Gerald Green | Joe Johnson | Chinanu Onuaku | Brandan Wright | Nenê Hilário | Aaron Jackson | Tarik Black | Briante Weber | R.J. Hunter | Markel Brown | Zhou Qi | Bobby Brown | Demetrius Jackson | Tim Quarterman | Troy Williams | Isaiah Canaan
97%
2016-17 James Harden | Clint Capela | Trevor Ariza | Eric Gordon | Patrick Beverley | Ryan Anderson | Lou Williams | Troy Williams | Sam Dekker | Montrezl Harrell | Nenê Hilário | Corey Brewer | Isaiah Taylor | Chinanu Onuaku | K.J. McDaniels | Tyler Ennis | Bobby Brown | Kyle Wiltjer
96%
2015-16 James Harden | Dwight Howard | Trevor Ariza | Patrick Beverley | Clint Capela | Ty Lawson | Terrence Jones | Corey Brewer | Marcus Thornton | Josh Smith | Michael Beasley | Jason Terry | Donatas Motiejūnas | Chuck Hayes | Montrezl Harrell | K.J. McDaniels | Andrew Goudelock | Sam Dekker
96%
2014-15 James Harden | Dwight Howard | Trevor Ariza | Patrick Beverley | Clint Capela | Donatas Motiejūnas | Terrence Jones | Josh Smith | Corey Brewer | Jason Terry | Kostas Papanikolaou | Pablo Prigioni | Tarik Black | Isaiah Canaan | Francisco García | Joey Dorsey | Nick Johnson | Alexey Shved | Troy Daniels | K.J. McDaniels
96%
2013-14 James Harden | Dwight Howard | Patrick Beverley | Chandler Parsons | Jeremy Lin | Terrence Jones | Ömer Aşık | Francisco García | Josh Powell | Omri Casspi | Aaron Brooks | Jordan Hamilton | Donatas Motiejūnas | Troy Daniels | Isaiah Canaan | Greg Smith | Ronnie Brewer | Robert Covington
96%
2020-21 James Harden | John Wall | Victor Oladipo | Christian Wood | Eric Gordon | P.J. Tucker | DeMarcus Cousins | Danuel House | Jae'Sean Tate | David Nwaba | Sterling Brown | Ben McLemore | Mason Jones | Kenyon Martin | Rodions Kurucs | Brodric Thomas | Bruno Caboclo | Kevin Porter | Kelly Olynyk | Avery Bradley | D.J. Augustin | Justin Patton | Anthony Lamb | D.J. Wilson | Ray Spalding | DaQuan Jeffries | Armoni Brooks | Khyri Thomas | Cameron Oliver | Cameron Reynolds
95%
2012-13 James Harden | Chandler Parsons | Jeremy Lin | Ömer Aşık | Patrick Patterson | Carlos Delfino | Marcus Morris | Toney Douglas | Francisco García | Patrick Beverley | Greg Smith | Terrence Jones | Thomas Robinson | Donatas Motiejūnas | James Anderson | Daequan Cook | Cole Aldrich | Aaron Brooks | Tim Ohlbrecht | Scott Machado
94%
1994-95 Hakeem Olajuwon | Clyde Drexler | Otis Thorpe | Kenny Smith | Vernon Maxwell | Robert Horry | Mario Elie | Sam Cassell | Carl Herrera | Chucky Brown | Pete Chilcutt | Charles Jones | Tim Breaux | Tracy Murray | Scott Brooks | Žan Tabak | Adrian Caldwell
87%
1993-94 Hakeem Olajuwon | Otis Thorpe | Kenny Smith | Vernon Maxwell | Robert Horry | Chris Jent | Mario Elie | Carl Herrera | Sam Cassell | Scott Brooks | Earl Cureton | Matt Bullard | Larry Robinson | Eric Riley | Richard Petruška
87%
1995-96 Hakeem Olajuwon | Clyde Drexler | Kenny Smith | Robert Horry | Mario Elie | Sam Mack | Sam Cassell | Chucky Brown | Tracy Moore | Mark Bryant | Eldridge Recasner | Melvin Booker | Tim Breaux | Pete Chilcutt | Jaren Jackson | Henry James | Charles Jones | Alvin Heggs
86%
1992-93 Hakeem Olajuwon | Otis Thorpe | Kenny Smith | Vernon Maxwell | Robert Horry | Carl Herrera | Scott Brooks | Matt Bullard | Sleepy Floyd | Winston Garland | Terry Teagle | Kennard Winchester | Tree Rollins | Mark Acres
86%
1991-92 Hakeem Olajuwon | Otis Thorpe | Kenny Smith | Vernon Maxwell | Buck Johnson | Sleepy Floyd | Larry Smith | Matt Bullard | Avery Johnson | Carl Herrera | Tree Rollins | John Turner | Dave Jamerson | Gerald Henderson | Kennard Winchester | Dan Godfread
86%
1990-91 Hakeem Olajuwon | Otis Thorpe | Kenny Smith | Vernon Maxwell | Buck Johnson | Larry Smith | Sleepy Floyd | David Wood | Mike Woodson | Kennard Winchester | Adrian Caldwell | Dave Feitl | Dave Jamerson | Matt Bullard
86%
1998-99 Hakeem Olajuwon | Charles Barkley | Scottie Pippen | Michael Dickerson | Cuttino Mobley | Othella Harrington | Sam Mack | Brent Price | Bryce Drew | Matt Maloney | Rodrick Rhodes | Matt Bullard | Anthony Miller | Antoine Carr | Eddie Johnson | Stanley Roberts
85%
1997-98 Hakeem Olajuwon | Clyde Drexler | Charles Barkley | Kevin Willis | Mario Elie | Matt Maloney | Eddie Johnson | Brent Price | Rodrick Rhodes | Matt Bullard | Othella Harrington | Emanual Davis | Charles Jones | Joe Stephens
85%
1996-97 Hakeem Olajuwon | Clyde Drexler | Charles Barkley | Mario Elie | Matt Maloney | Kevin Willis | Eddie Johnson | Emanual Davis | Sam Mack | Sedale Threatt | Brent Price | Randy Livingston | Othella Harrington | Matt Bullard | Tracy Moore | Charles Jones | Joe Stephens | Elmer Bennett
85%
1989-90 Hakeem Olajuwon | Otis Thorpe | Sleepy Floyd | Vernon Maxwell | Buck Johnson | Mitchell Wiggins | John Lucas | Larry Smith | Mike Woodson | Anthony Bowie | Derrick Chievous | Byron Dinkins | Adrian Caldwell | Tim McCormick | Lewis Lloyd | Chuck Nevitt
85%
1988-89 Hakeem Olajuwon | Otis Thorpe | Sleepy Floyd | Mike Woodson | Buck Johnson | Walter Berry | Derrick Chievous | Purvis Short | Tim McCormick | Frank Johnson | Allen Leavell | Bernard Thompson | Tony Brown | Chuck Nevitt
85%
1987-88 Hakeem Olajuwon | Ralph Sampson | Sleepy Floyd | Allen Leavell | Rodney McCray | Jim Petersen | Joe Barry Carroll | Purvis Short | Robert Reid | Steve Harris | Buck Johnson | Cedric Maxwell | World B. Free | Andre Turner | Lester Conner | Richard Anderson
85%
1986-87 Hakeem Olajuwon | Ralph Sampson | Rodney McCray | Robert Reid | Allen Leavell | Jim Petersen | Mitchell Wiggins | Dirk Minniefield | Lewis Lloyd | Cedric Maxwell | Steve Harris | Buck Johnson | Dave Feitl | Richard Anderson | Conner Henry
85%
1985-86 Hakeem Olajuwon | Ralph Sampson | John Lucas | Rodney McCray | Lewis Lloyd | Robert Reid | Jim Petersen | Allen Leavell | Mitchell Wiggins | Hank McDowell | Steve Harris | Craig Ehlo | Granville Waiters
85%
1984-85 Hakeem Olajuwon | Ralph Sampson | John Lucas | Rodney McCray | Lewis Lloyd | Lionel Hollins | Robert Reid | Mitchell Wiggins | Allen Leavell | Jim Petersen | Phil Ford | Larry Micheaux | Craig Ehlo | Hank McDowell
85%
2007-08 Yao Ming | Tracy McGrady | Shane Battier | Rafer Alston | Luis Scola | Bonzi Wells | Chuck Hayes | Steve Francis | Bobby Jackson | Luther Head | Carl Landry | Mike James | Dikembe Mutombo | Aaron Brooks | Mike Harris | Kirk Snyder | Steve Novak | Justin Williams | Gerald Green | Loren Woods | Bobby Jones
83%
2006-07 Yao Ming | Tracy McGrady | Rafer Alston | Shane Battier | Luther Head | Juwan Howard | Chuck Hayes | Bonzi Wells | Dikembe Mutombo | Kirk Snyder | Jake Tsakalidis | Vassilis Spanoulis | Scott Padgett | John Lucas | Steve Novak
83%
2005-06 Yao Ming | Tracy McGrady | Rafer Alston | David Wesley | Keith Bogans | Juwan Howard | Derek Anderson | Luther Head | Stromile Swift | Jon Barry | Dikembe Mutombo | Richie Frahm | Chuck Hayes | Lonny Baxter | Ryan Bowen | Rick Brunson | Moochie Norris | John Lucas III | Stephen Graham | Maciej Lampe | Josh Davis
83%
2004-05 Yao Ming | Tracy McGrady | Jim Jackson | David Wesley | Bob Sura | Juwan Howard | Charlie Ward | Mike James | Maurice Taylor | Jon Barry | Tyronn Lue | Dikembe Mutombo | Scott Padgett | Clarence Weatherspoon | Boštjan Nachbar | Rod Strickland | Andre Barrett | Reece Gaines | Ryan Bowen | Moochie Norris | Vin Baker | Torraye Braggs | Brandin Knight
83%
1999-00 Hakeem Olajuwon | Charles Barkley | Steve Francis | Shandon Anderson | Cuttino Mobley | Kenny Thomas | Walt Williams | Kelvin Cato | Carlos Rogers | Matt Bullard | Bryce Drew | Moochie Norris | Anthony Miller | Bill Curley | Thomas Hamilton | Tony Massenburg | Devin Gray
83%
2008-09 Yao Ming | Tracy McGrady | Ron Artest | Shane Battier | Rafer Alston | Luis Scola | Aaron Brooks | Kyle Lowry | Carl Landry | Von Wafer | Brent Barry | Luther Head | Chuck Hayes | Dikembe Mutombo | Brian Cook | James White | Joey Dorsey
82%
2003-04 Yao Ming | Steve Francis | Jim Jackson | Cuttino Mobley | Maurice Taylor | Kelvin Cato | Clarence Weatherspoon | Eric Piatkowski | Mark Jackson | Moochie Norris | Torraye Braggs | Boštjan Nachbar | Scott Padgett | Adrian Griffin | Mike Wilks | Alton Ford | Charles Oakley
77%
2002-03 Yao Ming | Steve Francis | Cuttino Mobley | Kenny Thomas | James Posey | Glen Rice | Eddie Griffin | Maurice Taylor | Kelvin Cato | Moochie Norris | Terence Morris | Juaquin Hawkins | Jason Collier | Boštjan Nachbar | Tito Maddox
76%
2000-01 Hakeem Olajuwon | Steve Francis | Cuttino Mobley | Shandon Anderson | Maurice Taylor | Kenny Thomas | Walt Williams | Moochie Norris | Kelvin Cato | Matt Bullard | Carlos Rogers | Jason Collier | Dan Langhi | Sean Colson | Anthony Miller
74%
2010-11 Kevin Martin | Luis Scola | Kyle Lowry | Shane Battier | Chuck Hayes | Aaron Brooks | Chase Budinger | Courtney Lee | Yao Ming | Goran Dragić | Brad Miller | Patrick Patterson | Jordan Hill | Ish Smith | Jermaine Taylor | Jared Jeffries | Terrence Williams | Mike Harris | DeMarre Carroll | Hasheem Thabeet
71%
2009-10 Kevin Martin | Luis Scola | Trevor Ariza | Kyle Lowry | Aaron Brooks | Shane Battier | Carl Landry | Chuck Hayes | Chase Budinger | Jared Jeffries | Jordan Hill | David Andersen | Garrett Temple | Mike Harris | Jermaine Taylor | Joey Dorsey | Tracy McGrady | Will Conroy | Hilton Armstrong | Pops Mensah-Bonsu | Brian Cook
66%
1983-84 Elvin Hayes | Ralph Sampson | Lewis Lloyd | Caldwell Jones | Robert Reid | Rodney McCray | Phil Ford | Allen Leavell | James Bailey | Wally Walker | Terry Teagle | Craig Ehlo | Major Jones
59%
1980-81 Moses Malone | Rudy Tomjanovich | Calvin Murphy | Robert Reid | Calvin Garrett | Mike Dunleavy | Tom Henderson | Allen Leavell | Bill Willoughby | Billy Paultz | Major Jones | John Stroud | Lee Johnson
57%
1979-80 Moses Malone | Rudy Tomjanovich | Calvin Murphy | Rick Barry | Robert Reid | Allen Leavell | Billy Paultz | Tom Henderson | Mike Dunleavy | Major Jones | Dwight Jones | Rudy White | John Shumate | Paul Mokeski | Alonzo Bradley
57%
1978-79 Moses Malone | Rudy Tomjanovich | Calvin Murphy | Rick Barry | Robert Reid | Mike Newlin | Mike Dunleavy | Slick Watts | Dwight Jones | Alonzo Bradley | E.C. Coleman | Jacky Dorsey | Tom Barker
57%
1977-78 Moses Malone | Rudy Tomjanovich | Calvin Murphy | John Lucas | Dwight Jones | Kevin Kunnert | Mike Newlin | Robert Reid | Alonzo Bradley | Ed Ratleff | C.J. Kupec | Ron Behagen | John Johnson | Rudy White | Zaid Abdul-Aziz | Mike Dunleavy | Larry Moffett | Robin Jones | Phil Bond
57%
1976-77 Moses Malone | Rudy Tomjanovich | Calvin Murphy | John Lucas | Mike Newlin | Kevin Kunnert | John Johnson | Dwight Jones | Ed Ratleff | Tom Owens | Goo Kennedy | Rudy White | Dave Wohl | Phil Hicks
57%
2011-12 Kevin Martin | Luis Scola | Kyle Lowry | Courtney Lee | Chandler Parsons | Goran Dragić | Marcus Camby | Patrick Patterson | Chase Budinger | Samuel Dalembert | Terrence Williams | Jordan Hill | Earl Boykins | Jonny Flynn | Greg Smith | Courtney Fortson | Jeff Adrien | Marcus Morris | Hasheem Thabeet
52%
1981-82 Moses Malone | Elvin Hayes | Allen Leavell | Robert Reid | Tom Henderson | Bill Willoughby | Mike Dunleavy | Calvin Murphy | Calvin Garrett | Major Jones | Billy Paultz | Larry Spriggs | Jawann Oldham
51%
2001-02 Steve Francis | Cuttino Mobley | Kenny Thomas | Glen Rice | Moochie Norris | Eddie Griffin | Kelvin Cato | Walt Williams | Kevin Willis | Óscar Torres | Terence Morris | Jason Collier | Dan Langhi | Tierre Brown
50%
1975-76 Rudy Tomjanovich | Calvin Murphy | Mike Newlin | Ed Ratleff | Kevin Kunnert | Joe Meriweather | John Johnson | Ron Riley | Dave Wohl | Cliff Meely | Rudy White | Gus Bailey | Steve Hawes
40%
1971-72 Elvin Hayes | Rudy Tomjanovich | Calvin Murphy | Mike Newlin | Stu Lantz | Greg Smith | Cliff Meely | Larry Siegfried | Jim Davis | Curtis Perry | Don Adams | Dick Gibbs | Johnny Egan | Dick Cunningham | McCoy McLemore | John Vallely
40%
1972-73 Rudy Tomjanovich | Calvin Murphy | Mike Newlin | Jimmy Walker | Jack Marin | Otto Moore | Cliff Meely | Zaid Abdul-Aziz | Paul McCracken | Greg Smith | George Johnson | Stan McKenzie | Eric McWilliams | Dick Gibbs
38%
1970-71 Elvin Hayes | Rudy Tomjanovich | Calvin Murphy | Stu Lantz | Larry Siegfried | Don Adams | John Trapp | John Block | Toby Kimball | Bernie Williams | Johnny Egan | Curtis Perry
38%
1973-74 Rudy Tomjanovich | Calvin Murphy | Mike Newlin | Jimmy Walker | Zaid Abdul-Aziz | Matt Guokas | Otto Moore | Jack Marin | Cliff Meely | Ed Ratleff | E.C. Coleman | Dave Wohl | Kevin Kunnert | Ron Riley | Stan McKenzie | George Johnson | Paul McCracken
37%
1982-83 Elvin Hayes | Allen Leavell | Caldwell Jones | Wally Walker | Joe Bryant | James Bailey | Terry Teagle | Calvin Murphy | Jeff Taylor | Tom Henderson | Major Jones | Billy Paultz | Chuck Nevitt | Calvin Garrett
36%
1974-75 Rudy Tomjanovich | Calvin Murphy | Mike Newlin | Ed Ratleff | Kevin Kunnert | Dave Wohl | Zaid Abdul-Aziz | Ron Riley | Steve Hawes | Cliff Meely | Gus Bailey | Owen Wells
35%
1969-70 Elvin Hayes | Stu Lantz | Don Kojis | Jim Barnett | John Block | Toby Kimball | Rick Adelman | Art Williams | Bernie Williams | Bingo Smith | John Trapp | Pat Riley
29%
1968-69 Elvin Hayes | Don Kojis | John Block | Jim Barnett | Art Williams | Toby Kimball | Stu Lantz | Rick Adelman | Pat Riley | Hank Finkel | Harry Barnes | John Trapp
27%
1967-68 Don Kojis | John Block | Toby Kimball | Jon McGlocklin | Johnny Green | John Barnhill | Jim Barnett | Art Williams | Dave Gambee | Hank Finkel | Pat Riley | Nick Jones | Bud Acton | Tyrone Britt | Jim Ware
18%
No matching quizzes found
Score Distribution
Percent of People with Each Score
Percentile by Number Answered
Your Score History
You have not taken this quiz since the last reset